Statistiques concernant Harry Potter: les Cracmols

Cliquez ici pour prendre le quiz!

Statistiques générales

  • Ce quiz a été pris 55 fois
  • Le résultat moyen est 6 sur 8

Statistiques - réponses

InformationRéponses% Correct
Cracmol connuArgus Rusard
98%
Première apparitionHarry Potter à l'école des sorciers
96%
Dernière apparitionHarry Potter et les Reliques de la Mort
91%
Première mention (mot cracmol prononcé)Harry Potter et la Chambre des Secrets
89%
ParticularitéNé-sorcier sans pouvoirs magique
76%
Cracmolle connueArabella Figg
64%
Cours par correspondance pour y remédierVitmagic
27%
Cracmol connuMarius Black
16%

Distribution des résultats

Percentile par nombre de réponses

% des personnes avec chaque résultat

Votre développement - résultats

Vous n’avez pas pris ce quiz